000 00440nam a2200193Ia 4500
005 20240823050326.0
008 240823s9999||||xx |||||||||||||| ||und||
020 _a978-81-203-2848-5
041 _aENGLISH
082 _A691 Q3
100 _aVarghese P C
245 0 _aBuilding Materials
250 _a1st
260 _c2013
_b"PHI,New "
_aNew Delhi
500 _aYES
650 _aBuilding
_bCivil
942 _cBK
999 _c216993
_d216993